Statistics for Random Country Shapes are Overlapped (not scaled)

Click here to take the quiz!

General Stats

  • This quiz has been taken 179 times
  • The average score is 1 of 5

Answers on the Map

Answers color-coded by a green-red scale on the quiz's map according to % correct below.
 

Answer Stats

Country% Correct
Argentina
100%
Australia
100%
Brazil
100%
Chad
100%
Chile
100%
China
100%
France
100%
India
100%
Indonesia
100%
Iran
100%
Iraq
100%
Japan
100%
Kazakhstan
100%
Kenya
100%
Libya
100%
Mali
100%
Marshall Islands
100%
Mongolia
100%
Morocco
100%
Norway
100%
Pakistan
100%
Russia
100%
Spain
100%
Ukraine
100%
United States
100%
Algeria
75%
Canada
67%
Mozambique
67%
Namibia
67%
Angola
50%
Bolivia
50%
Cameroon
50%
Germany
50%
Italy
50%
Kiribati
50%
Mauritania
50%
Myanmar
50%
Peru
50%
Poland
50%
Thailand
50%
Tunisia
50%
Turkmenistan
50%
Vietnam
50%
Somalia
40%
Egypt
33%
Ethiopia
33%
Ivory Coast
33%
New Zealand
33%
Uzbekistan
33%
Fiji
25%
Afghanistan
0%
Albania
0%
Armenia
0%
Austria
0%
Azerbaijan
0%
Bahamas
0%
Bangladesh
0%
Belarus
0%
Belgium
0%
Belize
0%
Benin
0%
Bhutan
0%
Bosnia and
Herzegovina
0%
Botswana
0%
Bulgaria
0%
Burkina Faso
0%
Burundi
0%
Cambodia
0%
Cape Verde
0%
Central African Republic
0%
Colombia
0%
Comoros
0%
Costa Rica
0%
Croatia
0%
Cuba
0%
Cyprus
0%
Czech Republic
0%
Democratic Republic
of the Congo
0%
Denmark
0%
Djibouti
0%
Dominican Republic
0%
East Timor
0%
Ecuador
0%
El Salvador
0%
Equatorial Guinea
0%
Eritrea
0%
Estonia
0%
Eswatini
0%
Federated States of
Micronesia
0%
Finland
0%
Gabon
0%
Gambia
0%
Georgia
0%
Ghana
0%
Greece
0%
Guatemala
0%
Guinea
0%
Guinea-Bissau
0%
Guyana
0%
Haiti
0%
Honduras
0%
Hungary
0%
Iceland
0%
Ireland
0%
Israel
0%
Jamaica
0%
Jordan
0%
Kosovo
0%
Kuwait
0%
Kyrgyzstan
0%
Laos
0%
Latvia
0%
Lebanon
0%
Lesotho
0%
Liberia
0%
Lithuania
0%
Luxembourg
0%
Madagascar
0%
Malawi
0%
Malaysia
0%
Maldives
0%
Mauritius
0%
Mexico
0%
Moldova
0%
Montenegro
0%
Nepal
0%
Netherlands
0%
Nicaragua
0%
Niger
0%
Nigeria
0%
North Korea
0%
North Macedonia
0%
Oman
0%
Palau
0%
Panama
0%
Papua New Guinea
0%
Paraguay
0%
Philippines
0%
Portugal
0%
Qatar
0%
Republic of the Congo
0%
Romania
0%
Rwanda
0%
Samoa
0%
Saudi Arabia
0%
Senegal
0%
Serbia
0%
Sierra Leone
0%
Slovakia
0%
Slovenia
0%
Solomon Islands
0%
South Africa
0%
South Korea
0%
South Sudan
0%
Sri Lanka
0%
Sudan
0%
Suriname
0%
Sweden
0%
Switzerland
0%
Syria
0%
Taiwan
0%
Tajikistan
0%
Tanzania
0%
Togo
0%
Trinidad and Tobago
0%
Turkey
0%
Uganda
0%
United Arab Emirates
0%
United Kingdom
0%
Uruguay
0%
Venezuela
0%
Yemen
0%
Zambia
0%
Zimbabwe
0%

Score Distribution

Percentile by Number Answered

Percent of People with Each Score

Your Score History

You have not taken this quiz